Production and International Trade
Saved in:
| Main Author: | |
|---|---|
| Format: | Book |
| Language: | English |
| Published: |
Osaka
Economic Studies Association, Faculty of Economics, Otemon Gakuin University
1995
|
| Edition: | 1. ed. |
| Series: | Otemon Studies in Economics and Management
Series, No.1 |
| Subjects: | |
| Tags: |
No Tags, Be the first to tag this record!
|
MARC
| LEADER | 00000nam a2200000 4500 | ||
|---|---|---|---|
| 001 | c021239 | ||
| 005 | 20221205133429.5 | ||
| 041 | 0 | |a eng | |
| 044 | |a JP | ||
| 245 | 1 | 0 | |a Production and International Trade |c Nobuo Minabe |
| 250 | |a 1. ed. | ||
| 264 | 1 | |a Osaka |b Economic Studies Association, Faculty of Economics, Otemon Gakuin University |c 1995 | |
| 300 | |a 473 s. | ||
| 490 | 1 | |a Otemon Studies in Economics and Management |v Series, No.1 | |
| 830 | 0 | |a Otemon Studies in Economics and Management |v Series, No.1 | |
| 610 | 2 | 0 | |a produkcia |
| 610 | 2 | 0 | |a obchod medzinárodný |
| 610 | 2 | 0 | |a modely |
| 610 | 2 | 0 | |a programovanie lineárne |
| 610 | 2 | 0 | |a rast hospodársky |
| 610 | 2 | 0 | |a teórie ekonomické |
| 610 | 2 | 0 | |a ceny |
| 610 | 2 | 0 | |a rovnováha hospodárska |
| 610 | 2 | 0 | |a kapitál |
| 610 | 2 | 0 | |a vývoz |
| 100 | 1 | |a Minabe, Nobuo | |